The political arena : introductory readings in political science /

Guardado en:
Detalles Bibliográficos
Autor principal: Masannat, George S., 1933-
Otros Autores: Madron, Thomas William, 1937-
Formato: Libro
Lenguaje:English
Publicado: New York : Scribner, [1969].
Materias:
LEADER 00843nam a2200217 i 4500
001 c000243809
003 CARM
005 00000000000000.0
008 840308s1969 nyu 0 eng d
019 1 |a 31238  |z 45901712  |5 LACONCORD2021 
035 |a (OCoLC)4289  |5 LACONCORD2021 
082 0 4 |a 320 
100 1 |a Masannat, George S.,  |d 1933- 
245 1 4 |a The political arena :  |b introductory readings in political science /  |c [by] George S. Masannat and Thomas Wm. Madron. 
260 |a New York :  |b Scribner,  |c [1969]. 
300 |a 429 p. 
650 0 |a Political science. 
700 1 |a Madron, Thomas William,  |d 1937- 
852 8 |b CARM  |h A2:AP27G0  |i C08604  |p 0333062  |f BK 
999 f f |i e559d51a-a79b-5862-9a7b-fe2f40e56288  |s 3e83fdfd-7a9f-5fa2-9a56-5eddbdd2596a 
952 f f |p Can circulate  |a CAVAL  |b CAVAL  |c CAVAL  |d CARM 1 Store  |e C08604  |f A2:AP27G0  |h Other scheme  |i book  |m 0333062